| 000 | 00730nam a22002412i 4500 | ||
|---|---|---|---|
| 999 |
_c6509 _d6509 |
||
| 001 | 6509 | ||
| 003 | BD-JhCC | ||
| 005 | 20180124171213.0 | ||
| 008 | 860101r19571966enk b 000 0 eng d | ||
| 035 | _a(BD-JhCC)6509 | ||
| 040 |
_aEYW _cEYW _dUKM _dEQO _dBD-JhCC |
||
| 041 | _aeng | ||
| 082 |
_a428.24071 _218 _bGAU 1966 |
||
| 090 |
_aPE1128.A2 _bG3 |
||
| 100 | 1 | _aGauntlett, John Owen. | |
| 245 | 1 | 0 |
_aTeaching English as a foreign language / _cJ. O. Gauntlett |
| 260 |
_aLondon : _bMacmillan ; _aNew York : _bSt Martin's Press, _c1957 |
||
| 300 |
_axi, 124 p. ; _c19 cm. |
||
| 504 | _aSelected bibliography: p. [122]-124 | ||
| 650 | 0 |
_aEnglish language _xStudy and teaching _xForeign speakers |
|
| 942 |
_2ddc _cBK |
||